|
|
|
|
| LEADER |
00995nab a2200253 i 4500 |
| 001 |
misc66826 |
| 005 |
20220926130830.0 |
| 008 |
211123s1923 hu o 0|| hun d |
| 040 |
|
|
|a SZTE Miscellanea Repozitórium
|b hun
|
| 041 |
|
|
|a hun
|
| 100 |
1 |
|
|a Bartucz Lajos
|
| 245 |
1 |
0 |
|a Egy régi kúntelep embertani feltárása
|h [elektronikus dokumentum] :
|b a Karcag-Ködszállási ásatások /
|c Bartucz Lajos
|
| 260 |
|
|
|c 1923-04
|
| 300 |
|
|
|a 81-86
|c 23 cm
|
| 300 |
|
|
|a [5] p.
|c 23 cm
|
| 490 |
0 |
|
|a Antropológiai füzetek = Anthropologia Hungarica : a Magyar Néprajzi Társaság Embertani Szakosztályának folyóirata
|v 1
|
| 561 |
|
|
|a Németh Gyula hagyaték
|
| 591 |
|
|
|a XKEK 1261
|
| 650 |
|
4 |
|a Társadalomtudományok
|
| 650 |
|
4 |
|a Szociológia
|
| 650 |
|
4 |
|a Bölcsészettudományok
|
| 650 |
|
4 |
|a Történettudomány és régészet
|
| 695 |
|
|
|a Régészet - leletek - Magyarország, Embertan
|
| 856 |
4 |
0 |
|u http://misc.bibl.u-szeged.hu/66826/1/0308_nov_b40.pdf
|z Dokumentum-elérés
|